| 000 | 00628nam a2200205 a 4500 | ||
|---|---|---|---|
| 005 | 20151123093005.0 | ||
| 008 | 140220b1994 ck ||||| |||| 00| 0 spa d | ||
| 040 |
_aCO-BoIAVH _cCO-BoIAVH |
||
| 041 | _aspa | ||
| 044 | _ack | ||
| 090 |
_aLB _b00268 |
||
| 110 |
_bUniversidad Nacional de Colombia. Facultad de Ciencias _97115 |
||
| 245 | _aComunidades o tipos de vegetación en la costa Atlántica colombiana | ||
| 260 |
_aBogotá _bUniversidad Nacional de Colombia _c1994? |
||
| 300 | _a54 p. | ||
| 650 |
_aVegetación _942624 |
||
| 650 |
_aInventarios floristicos _97117 |
||
| 662 |
_aColombia _cCaribe |
||
| 942 |
_cINFORME _01 _2z |
||
| 999 |
_c288 _d288 |
||